000 00333nam a22001337a 4500
008 241019b |||||||| |||| 00| 0 eng d
020 _a9789355961280
040 _a02
100 _aCHAKRABORTY,KAKULI
245 _aNTA UGC NET SOCIAL MEDICINE AND COMMUNITY HEALTH
260 _aNEW DELHI
_bHPH
_c2022
300 _a548
942 _c01
999 _c64488
_d64488